Sermam do Apostolo do Oriente S. Francisco Xavier que pregou no collegio de S. Antam O. P. mestre Hieronymo Ribeiro da Companhia de Iesvs

Detalles Bibliográficos
Autor principal: Ribeiro, Jerónimo
Formato: Libro
Lenguaje:Undetermined
Portuguese
Publicado: Coimbra : na officina de Joseph Ferreyra, 1686.
Materias:
Colección:Banco de datos
Acervo:Biblioteca Palafoxiana. Colección bibliográfica
Descripción Física:23 p. ; 4°
Tema general:Homilética
Notas:Marca de fuego: Colegio de San Juan. Número de localización: 15446-R Encuadernado con 27 obras
LEADER 00675nam a2200169Ia 4500
008 150723s9999 xx 000 0 und d
041 0 |a por 
050 0 |a PAFX BV4207 L5 
100 1 |a Ribeiro, Jerónimo 
245 1 0 |a Sermam do Apostolo do Oriente S. Francisco Xavier que pregou no collegio de S. Antam O. P. mestre Hieronymo Ribeiro da Companhia de Iesvs 
260 |a Coimbra : na officina de Joseph Ferreyra, 1686. 
300 |a 23 p. ; 4° 
500 |a Marca de fuego: Colegio de San Juan. Número de localización: 15446-R Encuadernado con 27 obras 
650 1 0 |a Homilética 
942 |c PALALIB 
943 |g Biblioteca Palafoxiana. Colección bibliográfica 
999 |c 1054316  |d 1054316